000 00344nam a2200133Ia 4500
008 240624s9999 xx 000 0 und d
041 _aeng
082 _a158.1 PEC
100 _aPECK M SCOTT
245 _aROAD LESS TRAVELED A NEWPSYCHOLOGY OF LO
260 _c2003
_aNew York
_bSimon & Schuster
300 _a315 : p. : cm. ; 22
365 _c
_b20
999 _c8112
_d8112